| 000 | 00687nam a2200193 i 4500 | ||
|---|---|---|---|
| 001 | 24612 | ||
| 003 | ES-MaACL | ||
| 005 | 20230906153100.0 | ||
| 007 | t| | ||
| 008 | 021218s1931 sp ||||1| spa d | ||
| 100 | 1 |
_aAntón del Olmet, Fernando de, _cMarqués de Dosfuentes, _dn. 1872 _921946 |
|
| 245 | 1 | 0 |
_aProyecto de estatuto jurídico fundamental de la República Foral Corporativa española / _cFernando de Antón del Olmet, marqués de Dosfuentes. |
| 260 |
_aMadrid : _b[s.n., _c1931] ( _fJ. Pueyo) |
||
| 300 |
_a32 p. ; _c23 cm. |
||
| 650 |
_aFueros- _zEspaña. _912991 |
||
| 650 | 4 |
_aRépublica- _zEspaña. _9142785 |
|
| 852 |
_aES-MaACL _j1809-F-7 |
||
| 999 |
_c24612 _d24612 |
||